000 00816nam a22002297a 4500
001 36745
003 BD-RjUL
005 20211209052532.0
008 140827s2000 bg a|||| |||| 00| 0 ben d
035 _a(BD-RjUL)36847
040 _aBD-RjUL
_bben
_cBD-RjUL
041 _aben
082 _a336.24
_bULA 200
100 _aউল্লাহ্, মো : ওয়ালী
_9112080
245 _aআয়কর :
_b(মূল্য সংযোজন করসহ) /
_cমো : ওয়ালী উল্লাহ্
250 _a৪র্থ সং.
260 _aঢাকা :
_bআবীদ পাবলিকেশনস,
_c২০০০
300 _a৬৩৪ পৃ. :
_bচিত্র ;
_c২০ সেমি.
650 _aআয়কর
_9112081
650 _aIncome taxes
_9112082
942 _2ddc
_cBK
999 _c36745
_d36745